书目信息 |
| 题名: |
现场总线技术
|
|
| 作者: | 刘泽祥,李媛主编 | |
| 分册: | ||
| 出版信息: | 北京 机械工业出版社 2011 |
|
| 页数: | 364页 | |
| 开本: | 26cm | |
| 丛书名: | ||
| 单 册: | ||
| 中图分类: | TP336 | |
| 科图分类: | ||
| 主题词: | 总线--技术--高等教育--教材 , 总线 | |
| 电子资源: | ||
| ISBN: | 978-7-111-33087-5 | |
| 000 | 01156nam0 2200325 450 | |
| 001 | 3385 | |
| 005 | 20160926085630.14 | |
| 010 | @a978-7-111-33087-5@b平装@dCNY44.00 | |
| 049 | @aA330000ZJL@bUCS01004814277@c012007281266 | |
| 090 | @aTP33@blzx | |
| 096 | @aTP33@blzx | |
| 100 | @a20110401d2011 em y0chiy50 ea | |
| 101 | 0 | @achi |
| 102 | @aCN@b110000 | |
| 105 | @ay z 000yy | |
| 200 | 1 | @a现场总线技术@9xian chang zong xian ji shu@b专著@f刘泽祥,李媛主编 |
| 205 | @a2版 | |
| 210 | @a北京@c机械工业出版社@d2011 | |
| 215 | @a364页@d26cm | |
| 300 | @a普通高等教育“十二五”电气信息类规划教材 | |
| 312 | @a封面英文题名:Fieldbus technology | |
| 330 | @a本书介绍了广泛应用于流程工业(如机械制造、化工等)、智能建筑和小区、环保和水处理企业的PROFIBUS总线。主要涉及现场总线的特点、现状、发展趋势、系统构成、监控组态软件原理及其实际操作、现场总线系统的工程设计等。 | |
| 510 | 1 | @aFieldbus technology@zeng |
| 606 | 0 | @a总线@x技术@x高等教育@j教材 |
| 606 | 0 | @a总线 |
| 690 | @aTP336@v4 | |
| 701 | @a@a刘泽祥@9liu ze xiang@4主编 | |
| 701 | @a@a李媛@9li yuan@4主编 | |
| 801 | 0 | @aCN@b唐山师范学院图书馆@c20151001 |
| 905 | @aZUCC@dTP336@e139=2 | |
| 现场总线技术/刘泽祥,李媛主编.-2版.-北京:机械工业出版社,2011 |
| 364页;26cm |
| 普通高等教育“十二五”电气信息类规划教材 |
| ISBN 978-7-111-33087-5(平装):CNY44.00 |
| 本书介绍了广泛应用于流程工业(如机械制造、化工等)、智能建筑和小区、环保和水处理企业的PROFIBUS总线。主要涉及现场总线的特点、现状、发展趋势、系统构成、监控组态软件原理及其实际操作、现场总线系统的工程设计等。 |
| ● |
| 相关链接 |
|
|
|
|
正题名:现场总线技术
索取号:TP336/139=2
 
预约/预借
| 序号 | 登录号 | 条形码 | 馆藏地/架位号 | 状态 | 备注 |
| 1 | 904833 | 209048332 | 第二样本阅览室/ [索取号:TP336/139=2] | 在馆 | |
| 2 | 904834 | 209048341 | 密集书库—计算机科学学院/ [索取号:TP336/139=2] | 在馆 | |
| 3 | 904835 | 209048350 | 第三借阅区/ [索取号:TP336/139=2] | 在馆 | |
| 4 | 904836 | 209048369 | 第三借阅区/ [索取号:TP336/139=2] | 在馆 | |
| 5 | 904837 | 209048378 | 第三借阅区/ [索取号:TP336/139=2] | 在馆 |